000 01320nam a2200325 a 4500
001 000014309
003 DO-SdBNP
005 20250430123354.0
008 090706s1973 dr 000 0 spa d
040 _aDO-SdBNP
_bspa
_cBNPHU
049 _aBNPD
082 _a331.8809
_bR696s, 1973
100 1 _aRodríguez R., Víctor Meliton
_97367
245 1 0 _aSindicalismo y administración de personal :
_bdos factores de desarrollo (estudio referido a Puerto Rico y la República Dominicana /
_cVíctor Meliton Rodríguez R.
250 _a2a ed.
260 _aSanto Domingo :
_bUniversidad Autónoma de Santo Domingo,
_c1973.
300 _a179 p. :
_b22 cm.
504 _aIncluye referencias bibliográficas y notas al pie de las páginas.
504 _aBibliografía : p. 169-178
590 _aLa biblioteca posee un ejemplar autografiado por el autor.
590 _aInventariado, 2018/VM
650 4 _aSindicalismo
_zRepública Dominicana
_97319
650 4 _aSindicalismo
_zPuerto Rico
_97368
650 4 _aAdministración de personal
_91581
650 4 _aDesarrollo económico y social
_97372
651 4 _aRepública Dominicana
_xCondiciones políticas y sociales
_97370
651 4 _aPuerto Rico
_xCondiciones políticas y sociales
_97371
910 _aValidado. Control de calidad BNPHU
942 _2ddc
_cLBS1
999 _c13905
_d13905